000 00339nam a2200157Ia 4500
001 2006
003 IN-NITTTR
005 20251114232923.0
008 251113s9999||||xx |||||||||||||| ||eng||
040 _beng
040 _cIN-NITTTR
041 _aeng
082 _a621.26 V44T
245 0 _aTheory of hydraulic machines /
942 _2ddc
_cBK
999 _c2893
_d2893